| 000 | 00371nam a2200133Ia 4500 | ||
|---|---|---|---|
| 008 | 220204s9999 xx 000 0 und d | ||
| 082 |
_a631.41 _bLAL |
||
| 245 | 0 | _aSoil physical properties and crop production in the tropics | |
| 260 |
_aChichester _bJohn Wiley _c1979 |
||
| 650 | _aRubber soil conditioning | ||
| 700 | _aGreenlan, D J | ||
| 700 | _aLal, R | ||
| 942 | _cBK | ||
| 999 |
_c36022 _d36022 |
||